000 01193nem a2200253 a 4500
001 37727
003 BD-RjUL
005 20211209052636.0
008 150329s2014 bg e 1 eng d
034 0 _aa
035 _a(BD-RjUL)37831
040 _aBD-RjUL
_cBD-RjUL
_beng
041 _aben
041 _aeng
082 0 0 _a912.095492
_223
110 2 _aMinistry of Disaster Management and Relief
_bComprehensive Disaster Management Programme (CDMP II)
_9116445
245 1 0 _aদুর্যোগ মানচিত্র :
_b(দুর্যোগ ও জলবায়ু পরিবর্তনজনিত ঝুকি মানচিত্র ও পরিকল্পনা নির্দেশিকা )
246 3 _aATLAS :
_b(Disaster and Climate Change Risk Maps and Planning Guide )
260 _aঢাকা, বাংলাদেশ :
_bকম্প্রিহেনসিভ ডিজাস্টার ম্যানেজমেন্ট প্রোগ্রাম (সিডিএমপি ২),
_c২০১৪.
300 _av, 45 p. :
_bcol. ill., col. maps ;
_c29 cm.
650 0 _aAtlases.
_9116433
651 _zBangladesh
_vMaps
_9116444
942 _2ddc
_cBK
999 _c37727
_d37727